U.S. States Without the Death Penalty - Statistics

General Stats
  • This quiz has been taken 36 times
  • The average score is 15 of 18
Answer Stats
Answer % Correct
New Jersey
97%
Rhode Island
97%
Vermont
97%
Connecticut
94%
Maine
94%
New York
90%
Michigan
87%
Delaware
84%
Illinois
84%
Maryland
84%
Wisconsin
84%
Hawaii
81%
Minnesota
81%
Iowa
77%
New Mexico
77%
North Dakota
77%
Alaska
74%
West Virginia
71%
No matching quizzes found
Score Distribution
Percent of People with Each Score
Percentile by Number Answered
Your Score History
You have not taken this quiz